Моята първа книга за природните феномени на България (Запис номер 125826)
[ съкратено ]
| 000 -Лидер | |
|---|---|
| Контролно поле с фиксирана дължина | 02559nam a2200565 c 4500 |
| 003 - Код на организацията, давaща контролен номер | |
| Контролно поле | BLK |
| 005 - Дата и час на последна редакция | |
| Контролно поле | 20250723113515.0 |
| 008 - Елементи от данни с фиксирана дължина | |
| fixed length control field | 180409b bul|||||r ||||||| ||bul|| |
| 010 ## - Наследен системен номер | |
| LC control number | KNG00131505000 |
| 020 ## - Международен стандартен номер на книга ISBN | |
| Международен стандартен номер на книга ISBN | 978-954-660-162-9 |
| 040 ## - Източник на каталожния запис | |
| Идентификатор на билиотеката - собственик на записа | BLK |
| 041 ## - Код за език | |
| Код за езика на текст/звукозапис или на отделно заглавие | Български |
| Код за езика КДБФ | Български |
| 072 #7 - Код за тематичната категория | |
| Код организация | bullib |
| Код за тематична категория | Н86 |
| Текст | Детска отраслова литература Н |
| 080 ## - УДК | |
| Текстов определител УДК | Резервати и други защитени територии (в цялост) и тяхната организация - Геологически, географски и ландшафтни резервати вж 502.6 ; Резервати на живата природа вж 502.7; Ловни територии вж 639.1 |
| УДК код - определител по УДК | 502.4 |
| УДК определител | (497.2)(02.053.2) |
| УДК - код + определител | 502.4(497.2)(02.053.2) |
| 080 ## - УДК | |
| Текстов определител УДК | География на България |
| УДК код - определител по УДК | 913(497.2) |
| УДК определител | (02.053.2) |
| УДК - код + определител | 913(497.2)(02.053.2) |
| 100 1# - Редна дума - Автор | |
| Автор | Русанов, Любомир Кирилов |
| R(LIN) | 117434 |
| 139 ## - Редно поле | |
| Редна дума | Русанов, Любомир Кирилов |
| Авторски знак | Рус - Р 93 |
| 245 10 - Сведения за заглавието | |
| Заглавие | Моята първа книга за природните феномени на България |
| Редно поле (дума) | Любомир Кирилов Русанов; ил. Борис Стойнов. |
| 257 ## - Страна на издаване | |
| Страна на създаване/издаване | България |
| 260 ## - Област на издателските данни | |
| Име на издателя, разпространителя и проч. | ПАН |
| Година на издаване | 2012 |
| 300 ## - Физическа характеристика | |
| Страници | 16 с. |
| Илюстрации и др. | с цв. ил. |
| Размери/Мащаб | 28 см |
| 380 ## - Жанр | |
| Жанр | Детска отраслова лит. |
| 490 1# - СЕРИИ (Колекции) | |
| Име на серия | Поредица Моята първа книга за... |
| 650 #4 - Допълнително описание по предмет – тема | |
| Основно описание – тема или топоним | Феномени, природни |
| 9 (RLIN) | 175209 |
| 650 #4 - Допълнително описание по предмет – тема | |
| Основно описание – тема или топоним | Природни забележителности - България |
| 9 (RLIN) | 252816 |
| 650 #4 - Допълнително описание по предмет – тема | |
| Основно описание – тема или топоним | Природа - България - защита |
| 9 (RLIN) | 243220 |
| 651 #4 - Допълнително описание по предмет - топоним | |
| Географско понятие | връх Мусала |
| 9 (RLIN) | 319658 |
| 651 #4 - Допълнително описание по предмет - топоним | |
| Географско понятие | Райското пръскало |
| 9 (RLIN) | 179432 |
| 651 #4 - Допълнително описание по предмет - топоним | |
| Географско понятие | Ерма |
| 9 (RLIN) | 178884 |
| 651 #4 - Допълнително описание по предмет - топоним | |
| Географско понятие | Ягодинска пещера |
| 9 (RLIN) | 179838 |
| 653 ## - Ключова дума – ненормативна | |
| Ключова дума | природа |
| 653 ## - Ключова дума – ненормативна | |
| Ключова дума | природни феномени |
| 653 ## - Ключова дума – ненормативна | |
| Ключова дума | природни забележителности |
| 653 ## - Ключова дума – ненормативна | |
| Ключова дума | водопади |
| 653 ## - Ключова дума – ненормативна | |
| Ключова дума | езера |
| 653 ## - Ключова дума – ненормативна | |
| Ключова дума | скали |
| 653 ## - Ключова дума – ненормативна | |
| Ключова дума | пещери |
| 653 ## - Ключова дума – ненормативна | |
| Ключова дума | Белоградчишките скали |
| 653 ## - Ключова дума – ненормативна | |
| Ключова дума | Побитите камъни |
| 653 ## - Ключова дума – ненормативна | |
| Ключова дума | Райското пръскало |
| 659 ## - Тематичен бюлетин | |
| Тематичен бюлетин | Н |
| 700 1# - Други автори (авторска отговорност) | |
| Лично име | Стойнов, Борис |
| Автороска отговорност (Описва отношението между автора и произведението) | ил. |
| 9 (RLIN) | 377552 |
| 852 ## - Местоположение | |
| Форматна сигнатура | Цб ІІ 23821 |
| 856 4# - Електронен адрес и достъп | |
| Електронен формат | pdf - файл |
| 856 4# - Електронен адрес и достъп | |
| Електронен формат | pdf - файл |
| 999 ## - СИСТЕМНИ КОНТРОЛНИ НОМЕРА | |
| Koha biblionumber | 125826 |
| Koha biblioitemnumber | 125826 |
| 942 ## - АРТИКУЛИ | |
| Вид на библиотечния материал | Книги |
| Скрит в OPAC | Не |
| Koha issues (borrowed), all copies | 3 |
| 944 ## - СЪЗДАВАНЕ И РЕДАКЦИЯ на ЗАПИСА | |
| Създаване/Редакция | Създаване |
| Дата на регистрацията/редакция | 21.06.2012 |
| Статус, дата на статуса | Анна Гръцманова |
| Служител, извършил регистрацията/редакцията | 30564 |
| 944 ## - СЪЗДАВАНЕ И РЕДАКЦИЯ на ЗАПИСА | |
| Създаване/Редакция | Редакция |
| Дата на регистрацията/редакция | 04.01.2016 |
| Статус, дата на статуса | ф / |
| Служител, извършил регистрацията/редакцията | Людмила_Стоянова |
| 999 ## - СИСТЕМНИ КОНТРОЛНИ НОМЕРА | |
| Koha biblioitemnumber | 125826 |
| Код за отписване | Код за изгубен артикул | Код за повреда | Коз за рестрикции | Код за отдаване | Артикулен № | Име на библиотеката - собственик | Име на библиотеката, в която се намира в момента | Статус (Текущо местоположение) | Дата на вписване в системата | Местоположение - отдел | Цена в лева | Инвентарен номер | Систематично азбучна сигнатура | Баркод | Номер на екземпляра | Цена в евро | Служебна бележка | Служебен тип на артикула | Източник на класификационната схема |
|---|---|---|---|---|---|---|---|---|---|---|---|---|---|---|---|---|---|---|---|
| Не е изгубен | Не е повреден | без рестрикции | заемане за дома | 204743 | Регионална библиотека "Любен Каравелов" Русе | Регионална библиотека "Любен Каравелов" Русе | Детски отдел | 2012-06-21 | Детски отдел | 2.27 | 120000758542 | ДН 50/Р 93 | 120000758542 | 1 | 1.16 | Дост: DA Вид: А N: 12 Дата: 21.06.2012 Дата инв: 19.08.2015 Бележки инв: Д2015 | Книги | ||
| Не е изгубен | Не е повреден | без рестрикции | заемане за дома | 204744 | Регионална библиотека "Любен Каравелов" Русе | Регионална библиотека "Любен Каравелов" Русе | Детски отдел | 2015-12-17 | Детски отдел | 2.90 | 120000795807 | ДН 50/Р 93 | 120000795807 | 2 | 1.48 | Дост: Pk Вид: Ф N: 447 Дата: 14.12.2015 | Книги | ||
| Не е изгубен | Не е повреден | без рестрикции | заемане за дома | 204745 | Регионална библиотека "Любен Каравелов" Русе | Регионална библиотека "Любен Каравелов" Русе | Детски отдел | 2015-12-17 | Детски отдел | 2.90 | 120000795808 | ДН 50/Р 93 | 120000795808 | 3 | 1.48 | Дост: Pk Вид: Ф N: 447 Дата: 14.12.2015 | Книги | ||
| Не е изгубен | Не е повреден | само за читалня | ползва се в читалня | 724452 | Регионална библиотека "Любен Каравелов" Русе | Регионална библиотека "Любен Каравелов" Русе | Хранилище | 2019-06-26 | Хранилище | 2.90 | Цб ІІ 23821 | 120000832582 | 1.48 | Книги | Universal Decimal Classification |